| 000 | 00000cas 2200000zi 4500 |
| 001 | 9.892519 |
| 003 | CaOODSP |
| 005 | 20260610163709 |
| 006 | m o d f |
| 007 | cr cn |||||||| |
| 008 | 201016c20209999oncar p o f0###a0eng|d |
| 022 | |a3111-2153 |
| 040 | |aCaOODSP|beng|erda|cCaOODSP |
| 043 | |an-cn--- |
| 086 | 1 |aD1-27E-PDF |
| 222 | 0|aAnnual report |b(Mobilizing Insights in Defence and Security (Canada)) |
| 245 | 00|aAnnual report / |cMobilizing Insights in Defence and Security (MINDS). |
| 246 | 3 |aMobilizing Insights in Defence and Security, annual report |
| 264 | 1|a[Ottawa] : |bNational Defence = Défense nationale, |c[2020]- |
| 310 | |aAnnual |
| 336 | |atext|btxt|2rdacontent |
| 337 | |acomputer|bc|2rdamedia |
| 338 | |aonline resource|bcr|2rdacarrier |
| 362 | 1 |aBegan with: 2019/2020. |
| 500 | |aIssued also in French under title: Rapport annuel. |
| 588 | |aDescription based on: 2019/2020; title from PDF cover page. |
| 588 | |aLatest issue consulted: 2023/2024. |
| 650 | 0|aCivil-military relations|zCanada|vPeriodicals. |
| 650 | 0|aNational security|zCanada|vPeriodicals. |
| 651 | 0|aCanada|xMilitary policy|xDecision making|vPeriodicals. |
| 655 | 7|aPeriodicals|2lcgft |
| 710 | 1 |aCanada. |bDepartment of National Defence, |eissuing body. |
| 775 | 08|tRapport annuel ... / |w(CaOODSP)9.892521 |